[Event "Madrid-chT 2021"]
[Site "Madrid"]
[Date "2021.05.09"]
[Round "10.1"]
[White "Elissalt Cardenas, Hector"]
[Black "Moreno Trujillo, Alejandro"]
[Result "1/2-1/2"]
[WhiteElo "2281"]
[BlackElo "2491"]
[PlyCount "97"]
[EventDate "2021.01.24"]
[EventType "team-tourn"]
[EventRounds "14"]
[EventCountry "ESP"]
[SourceTitle "Ajedrez en Madrid"]
[Source "lmi"]
[SourceDate "2021.01.23"]
[SourceVersion "1"]
[SourceVersionDate "2021.06.08"]
[SourceQuality "1"]
[WhiteTeam "Tajamar"]
[BlackTeam "Villalba 64"]
[WhiteTeamCountry "ESP"]
[BlackTeamCountry "ESP"]

1. d4 d5 2. c4 c6 3. cxd5 cxd5 4. Bf4 Nc6 5. e3 Nf6 6. Bd3 e6 7. Nc3 a6 8. Rc1
Be7 9. Nf3 O-O 10. h3 Bd7 11. Ne5 Be8 12. O-O Nxe5 13. Bxe5 Bc6 14. Bxf6 Bxf6
15. f4 Qd7 16. b4 Rfc8 17. Qb3 g6 18. Rc2 Be7 19. a3 Qd6 20. Rfc1 a5 21. b5 Bd7
22. Na4 Rxc2 23. Rxc2 b6 24. Rc3 Rc8 25. Rxc8+ Bxc8 26. Nc3 Bd7 27. a4 Qc7 28.
Ne2 Bb4 29. Qc2 Qxc2 30. Bxc2 f6 31. Kf2 Kf7 32. Ng1 h6 33. h4 g5 34. hxg5 hxg5
35. fxg5 fxg5 36. Nf3 Kf6 37. Ne5 Be8 38. e4 Ba3 39. Ng4+ Ke7 40. exd5 exd5 41.
Ne3 Bb2 42. Nf5+ Kf6 43. g4 Bd7 44. Ke3 Bc1+ 45. Kf3 Bb2 46. Ke3 Be6 47. Bd3
Bc3 48. Bc2 Bb2 49. Bd3 1/2-1/2

[Event "Madrid-chT 2021"]
[Site "Madrid"]
[Date "2021.05.09"]
[Round "10.2"]
[White "Valles Moreno, Ivan"]
[Black "Ingunza Curro, Andres"]
[Result "0-1"]
[WhiteElo "2411"]
[BlackElo "2392"]
[PlyCount "100"]
[EventDate "2021.01.24"]
[EventType "team-tourn"]
[EventRounds "14"]
[EventCountry "ESP"]
[SourceTitle "Ajedrez en Madrid"]
[Source "lmi"]
[SourceDate "2021.01.23"]
[SourceVersion "1"]
[SourceVersionDate "2021.06.08"]
[SourceQuality "1"]
[WhiteTeam "Villalba 64"]
[BlackTeam "Tajamar"]
[WhiteTeamCountry "ESP"]
[BlackTeamCountry "ESP"]

1. Nf3 d5 2. g3 Nf6 3. Bg2 e6 4. O-O Be7 5. d3 b6 6. Nbd2 Bb7 7. e4 c5 8. Re1
Nc6 9. c3 Qc7 10. e5 Nd7 11. Nf1 h6 12. h4 O-O-O 13. d4 Kb8 14. Ne3 g5 15. hxg5
hxg5 16. Ng4 Rh5 17. a3 Rdh8 18. b4 R8h7 19. Qd3 Qd8 20. Bd2 cxd4 21. cxd4 b5
22. Qxb5 Nb6 23. Qd3 Nc4 24. b5 N6a5 25. Bb4 Qh8 26. Kf1 Bd8 27. Rab1 Bc8 28.
Qc3 Qg7 29. Nf6 g4 30. Nxh5 Rxh5 31. Nh4 Bd7 32. Kg1 Qh7 33. b6 Nb7 34. bxa7+
Ka8 35. Bc5 Bc8 36. Rb5 Ba5 37. Bb4 Bd8 38. a4 Qg8 39. Rb1 Qe8 40. Bc5 Qd7 41.
Qc1 f6 42. exf6 Bxf6 43. Qxc4 dxc4 44. a5 Rd5 45. Ng6 c3 46. Nf8 Qxb5 47. Rxb5
c2 48. Ba3 Rxb5 49. a6 Kxa7 50. axb7 Bxb7 0-1

[Event "Madrid-chT 2021"]
[Site "Madrid"]
[Date "2021.05.09"]
[Round "10.3"]
[White "Mkrtchyan, Levon"]
[Black "Garcia Luengo, Leandro"]
[Result "1-0"]
[WhiteElo "2230"]
[BlackElo "2304"]
[PlyCount "113"]
[EventDate "2021.01.24"]
[EventType "team-tourn"]
[EventRounds "14"]
[EventCountry "ESP"]
[SourceTitle "Ajedrez en Madrid"]
[Source "lmi"]
[SourceDate "2021.01.23"]
[SourceVersion "1"]
[SourceVersionDate "2021.06.08"]
[SourceQuality "1"]
[WhiteTeam "Tajamar"]
[BlackTeam "Villalba 64"]
[WhiteTeamCountry "ESP"]
[BlackTeamCountry "ESP"]

1. e4 c5 2. Nf3 Nc6 3. d4 cxd4 4. Nxd4 g6 5. Be3 Nf6 6. Nc3 Bg7 7. Bc4 O-O 8.
Bb3 e6 9. O-O d5 10. exd5 exd5 11. h3 Be6 12. Nce2 Rc8 13. c3 a6 14. Re1 Na5
15. Nf4 Re8 16. Ndxe6 fxe6 17. Bd4 Nxb3 18. axb3 Qd6 19. Nd3 Nd7 20. Bxg7 Kxg7
21. f4 Rf8 22. Qe2 Rce8 23. Qe3 Qb6 24. Qxb6 Nxb6 25. Nc5 Rf7 26. Rxe6 Rc8 27.
Nxa6 Nd7 28. Nb4 Nc5 29. Rd6 d4 30. cxd4 Nxb3 31. Ra7 Rc1+ 32. Kh2 Rc4 33. Rb6
Rxd4 34. Rbxb7 Rdxf4 35. Nd3 R4f5 36. Ne5 Rxb7 37. Rxb7+ Kg8 38. Nxg6 Nc5 39.
Ne7+ Kf8 40. Nxf5 Nxb7 41. Kg3 Kf7 42. b4 Ke6 43. Kf4 Nd8 44. b5 Kd5 45. Kg5
Ne6+ 46. Kh6 Nf4 47. Ne3+ Kc5 48. Kxh7 Kxb5 49. h4 Kc5 50. g3 Ne2 51. Nf5 Kd5
52. Kg6 Nc1 53. h5 Nd3 54. h6 Ne5+ 55. Kg7 Ke6 56. h7 Nf7 57. Nh6 1-0

[Event "Madrid-chT 2021"]
[Site "Madrid"]
[Date "2021.05.09"]
[Round "10.4"]
[White "Lopez del Alamo, Antonio"]
[Black "Rodriguez Lopez, David"]
[Result "0-1"]
[WhiteElo "2284"]
[BlackElo "2148"]
[PlyCount "112"]
[EventDate "2021.01.24"]
[EventType "team-tourn"]
[EventRounds "14"]
[EventCountry "ESP"]
[SourceTitle "Ajedrez en Madrid"]
[Source "lmi"]
[SourceDate "2021.01.23"]
[SourceVersion "1"]
[SourceVersionDate "2021.06.08"]
[SourceQuality "1"]
[WhiteTeam "Villalba 64"]
[BlackTeam "Tajamar"]
[WhiteTeamCountry "ESP"]
[BlackTeamCountry "ESP"]

1. e4 e5 2. Bc4 Nc6 3. Nc3 Nf6 4. d3 Bc5 5. f4 d6 6. Nf3 exf4 7. Bxf4 Nd4 8.
Qd2 Be6 9. O-O-O O-O 10. Bg5 h6 11. Be3 Nxf3 12. gxf3 Bxe3 13. Qxe3 Bxc4 14.
dxc4 Qe7 15. Rhg1 Kh7 16. Nd5 Nxd5 17. Rxd5 Rfe8 18. Qf4 g6 19. h4 Rad8 20. h5
c6 21. hxg6+ fxg6 22. Rd2 Rf8 23. Qe3 b6 24. Rh2 h5 25. f4 Rde8 26. Re2 Qf6 27.
f5 gxf5 28. Rh2 Qh6 29. Rg5 Rxe4 30. Rgxh5 Rxe3 31. Rxh6+ Kg7 32. Rxd6 c5 33.
Kd2 Re4 34. Rd7+ Rf7 35. Rh7+ Kxh7 36. Rxf7+ Kg6 37. Rxa7 f4 38. b3 Kg5 39. a4
Re6 40. Rg7+ Kh4 41. c3 f3 42. b4 f2 43. Rh7+ Kg3 44. Rg7+ Kh2 45. Rh7+ Kg1 46.
Rg7+ Kf1 47. a5 bxa5 48. bxc5 Rc6 49. Rg5 a4 50. Kc2 a3 51. Kb3 Rf6 52. c6 Rxc6
53. Kxa3 Rxc4 54. Kb3 Rf4 55. Kc2 Ke2 56. Rg2 Ke3 0-1

[Event "Madrid-chT 2021"]
[Site "Madrid"]
[Date "2021.05.09"]
[Round "10.5"]
[White "Cuellar Gutierrez, Raul"]
[Black "Sanchez Gonzalez, Sergio"]
[Result "0-1"]
[WhiteElo "2000"]
[BlackElo "2303"]
[PlyCount "92"]
[EventDate "2021.01.24"]
[EventType "team-tourn"]
[EventRounds "14"]
[EventCountry "ESP"]
[SourceTitle "Ajedrez en Madrid"]
[Source "lmi"]
[SourceDate "2021.01.23"]
[SourceVersion "1"]
[SourceVersionDate "2021.06.08"]
[SourceQuality "1"]
[WhiteTeam "Tajamar"]
[BlackTeam "Villalba 64"]
[WhiteTeamCountry "ESP"]
[BlackTeamCountry "ESP"]

1. d4 Nf6 2. Nf3 e6 3. c4 d5 4. g3 dxc4 5. Bg2 Be7 6. O-O O-O 7. Ne5 Nbd7 8.
Nxc4 Rb8 9. Bf4 Nd5 10. Bd2 b6 11. Nc3 Bb7 12. e4 Nxc3 13. Bxc3 Nf6 14. Re1 b5
15. Na5 b4 16. Nxb7 Rxb7 17. Qb3 Rb8 18. Bd2 Qxd4 19. Be3 Qe5 20. Bxa7 Rbd8 21.
Be3 Ng4 22. Bf4 Qd4 23. Re2 e5 24. Be3 Nxe3 25. Rxe3 c5 26. Bf1 Bg5 27. Ree1
Bd2 28. Red1 Qxe4 29. a3 Qd4 30. axb4 cxb4 31. Qc2 e4 32. Bg2 f5 33. Bf1 Kh8
34. Bg2 h6 35. b3 Rfe8 36. Bh3 f4 37. Bf1 e3 38. fxe3 Rxe3 39. Kh1 Qd5+ 40. Kg1
fxg3 41. Bg2 Qd4 42. Kh1 Re2 43. hxg3 Qf2 44. Rg1 Qxg3 45. Qf5 Bf4 46. Qh3
Qxh3+ 0-1

[Event "Madrid-chT 2021"]
[Site "Madrid"]
[Date "2021.05.09"]
[Round "10.6"]
[White "Estevez Sacristan, Deva"]
[Black "Sahuquillo Cruz, Alejandro"]
[Result "0-1"]
[WhiteElo "1941"]
[BlackElo "2001"]
[PlyCount "54"]
[EventDate "2021.01.24"]
[EventType "team-tourn"]
[EventRounds "14"]
[EventCountry "ESP"]
[SourceTitle "Ajedrez en Madrid"]
[Source "lmi"]
[SourceDate "2021.01.23"]
[SourceVersion "1"]
[SourceVersionDate "2021.06.08"]
[SourceQuality "1"]
[WhiteTeam "Villalba 64"]
[BlackTeam "Tajamar"]
[WhiteTeamCountry "ESP"]
[BlackTeamCountry "ESP"]

1. e4 c5 2. Nc3 Nc6 3. g3 g6 4. Bg2 Bg7 5. d3 d6 6. f4 e6 7. Nf3 Nge7 8. O-O
Nd4 9. Be3 Bd7 10. h3 Bc6 11. g4 O-O 12. Rb1 f5 13. Qd2 Qd7 14. Qf2 e5 15. exf5
gxf5 16. g5 Ng6 17. Nd1 Qf7 18. c4 Nxf3+ 19. Bxf3 exf4 20. Bxc5 dxc5 21. Qxc5
Bxf3 22. Rxf3 Rad8 23. Kh1 Bd4 24. Qb4 Ne5 25. Rf1 Qh5 26. Kg2 f3+ 27. Kh2 Ng4+
0-1

[Event "Madrid-chT 2021"]
[Site "Madrid"]
[Date "2021.05.09"]
[Round "10.1"]
[White "Montañes Arribas, Adrian"]
[Black "Plazuelo Pascual, Juan"]
[Result "1/2-1/2"]
[WhiteElo "2265"]
[BlackElo "2465"]
[PlyCount "34"]
[EventDate "2021.01.24"]
[EventType "team-tourn"]
[EventRounds "14"]
[EventCountry "ESP"]
[SourceTitle "Ajedrez en Madrid"]
[Source "lmi"]
[SourceDate "2021.01.23"]
[SourceVersion "1"]
[SourceVersionDate "2021.06.08"]
[SourceQuality "1"]
[WhiteTeam "Vallecas CDV"]
[BlackTeam "Virgen de Atocha"]
[WhiteTeamCountry "ESP"]
[BlackTeamCountry "ESP"]

1. d4 Nf6 2. c4 e6 3. Nf3 b6 4. a3 Ba6 5. Qc2 Bb7 6. Nc3 c5 7. e4 cxd4 8. Nxd4
Bc5 9. Nb3 Nc6 10. Bd3 O-O 11. O-O h6 12. Bd2 a5 13. Rae1 d6 14. h3 Qd7 15. Kh1
Rfd8 16. f4 a4 17. Nc1 Nd4 1/2-1/2

[Event "Madrid-chT 2021"]
[Site "Madrid"]
[Date "2021.05.09"]
[Round "10.2"]
[White "Rubio Mejia, Luis Ignacio"]
[Black "Martin Garcia, Guillermo Li"]
[Result "1-0"]
[WhiteElo "2390"]
[BlackElo "2257"]
[PlyCount "81"]
[EventDate "2021.01.24"]
[EventType "team-tourn"]
[EventRounds "14"]
[EventCountry "ESP"]
[SourceTitle "Ajedrez en Madrid"]
[Source "lmi"]
[SourceDate "2021.01.23"]
[SourceVersion "1"]
[SourceVersionDate "2021.06.08"]
[SourceQuality "1"]
[WhiteTeam "Virgen de Atocha"]
[BlackTeam "Vallecas CDV"]
[WhiteTeamCountry "ESP"]
[BlackTeamCountry "ESP"]

1. c4 g6 2. Nc3 Bg7 3. g3 e5 4. Bg2 d6 5. d3 f5 6. e4 Nc6 7. Nge2 Nge7 8. O-O
O-O 9. Nd5 Be6 10. Be3 Qd7 11. Qd2 Nd8 12. Rae1 c6 13. Nxe7+ Qxe7 14. exf5 gxf5
15. b3 d5 16. f4 e4 17. Nd4 Bd7 18. cxd5 cxd5 19. Rc1 Ne6 20. Nxe6 Qxe6 21.
dxe4 dxe4 22. Rc7 Bc6 23. Rd1 Qe8 24. Bd4 Rf7 25. Rxf7 Qxf7 26. Bf1 Bxd4+ 27.
Qxd4 Qg7 28. Bc4+ Kh8 29. Qxa7 Rxa7 30. Rd8+ Qf8 31. Rxf8+ Kg7 32. Rg8+ Kf6 33.
a4 Ra5 34. Rb8 Rc5 35. Kf2 Ke7 36. Ke3 Kd6 37. Kd4 Ra5 38. Rd8+ Kc7 39. Rh8 b5
40. axb5 Bxb5 41. b4 1-0

[Event "Madrid-chT 2021"]
[Site "Madrid"]
[Date "2021.05.09"]
[Round "10.3"]
[White "Beltran de Heredia Eguiaz, Miguel Angel"]
[Black "Vallejo Diaz, Jesus"]
[Result "1/2-1/2"]
[WhiteElo "2232"]
[BlackElo "2227"]
[PlyCount "50"]
[EventDate "2021.01.24"]
[EventType "team-tourn"]
[EventRounds "14"]
[EventCountry "ESP"]
[SourceTitle "Ajedrez en Madrid"]
[Source "lmi"]
[SourceDate "2021.01.23"]
[SourceVersion "1"]
[SourceVersionDate "2021.06.08"]
[SourceQuality "1"]
[WhiteTeam "Vallecas CDV"]
[BlackTeam "Virgen de Atocha"]
[WhiteTeamCountry "ESP"]
[BlackTeamCountry "ESP"]

1. e4 c5 2. Nf3 e6 3. d4 cxd4 4. Nxd4 a6 5. Nc3 Qc7 6. Be3 b5 7. Qd2 Nf6 8. f3
Bb7 9. O-O-O Nc6 10. g4 Nxd4 11. Bxd4 d6 12. g5 Nd7 13. Kb1 Rc8 14. a3 Nb6 15.
h4 e5 16. Be3 Nc4 17. Bxc4 Qxc4 18. h5 Be7 19. g6 hxg6 20. hxg6 Rxh1 21. Rxh1
fxg6 22. Bg5 Bf8 23. Qg2 Qe6 24. Qf2 Rc5 25. Rh8 Qf7 1/2-1/2

[Event "Madrid-chT 2021"]
[Site "Madrid"]
[Date "2021.05.09"]
[Round "10.4"]
[White "Vazquez Torres, Adrian"]
[Black "Morona Minguez, Miguel"]
[Result "1-0"]
[WhiteElo "2179"]
[BlackElo "2064"]
[PlyCount "81"]
[EventDate "2021.01.24"]
[EventType "team-tourn"]
[EventRounds "14"]
[EventCountry "ESP"]
[SourceTitle "Ajedrez en Madrid"]
[Source "lmi"]
[SourceDate "2021.01.23"]
[SourceVersion "1"]
[SourceVersionDate "2021.06.08"]
[SourceQuality "1"]
[WhiteTeam "Virgen de Atocha"]
[BlackTeam "Vallecas CDV"]
[WhiteTeamCountry "ESP"]
[BlackTeamCountry "ESP"]

1. e4 e6 2. b3 d5 3. Bb2 dxe4 4. Nc3 Nf6 5. g4 b6 6. Bg2 Bb7 7. Qe2 Nc6 8. Nxe4
Nxe4 9. Bxe4 Qd7 10. O-O-O O-O-O 11. Qf3 Kb8 12. Ne2 Bd6 13. g5 f5 14. gxf6 Be5
15. fxg7 Bxb2+ 16. Kxb2 Qxg7+ 17. Qc3 Qxc3+ 18. Kxc3 Ne5 19. Bxb7 Kxb7 20. f4
Nf3 21. d4 Rhg8 22. Rd3 Rg2 23. Rxf3 Rxe2 24. Kd3 Rg2 25. Rh3 Rd7 26. Re1 Rf2
27. Rxe6 Rxf4 28. Re4 Rff7 29. c4 Rf1 30. Reh4 Rd1+ 31. Kc3 a5 32. d5 Re7 33.
Rxh7 Re2 34. Rd3 Rc1+ 35. Kd4 Kc8 36. a4 Rce1 37. Rh4 Kd7 38. c5 Re5 39. c6+
Kd6 40. Rh6+ Ke7 41. Rh7+ 1-0

[Event "Madrid-chT 2021"]
[Site "Madrid"]
[Date "2021.05.09"]
[Round "10.5"]
[White "Dominguez Alfara, Miguel"]
[Black "Martinez Conde Hernandez, Carlos"]
[Result "0-1"]
[WhiteElo "2006"]
[BlackElo "2104"]
[PlyCount "108"]
[EventDate "2021.01.24"]
[EventType "team-tourn"]
[EventRounds "14"]
[EventCountry "ESP"]
[SourceTitle "Ajedrez en Madrid"]
[Source "lmi"]
[SourceDate "2021.01.23"]
[SourceVersion "1"]
[SourceVersionDate "2021.06.08"]
[SourceQuality "1"]
[WhiteTeam "Vallecas CDV"]
[BlackTeam "Virgen de Atocha"]
[WhiteTeamCountry "ESP"]
[BlackTeamCountry "ESP"]

1. d4 Nf6 2. Nf3 g6 3. e3 Bg7 4. Be2 O-O 5. O-O d6 6. c4 Nc6 7. Nc3 e5 8. d5
Ne7 9. e4 Nd7 10. Nd2 f5 11. b4 a5 12. bxa5 Rxa5 13. f3 Bh6 14. Nb3 Bxc1 15.
Qxc1 Ra8 16. Qe3 f4 17. Qf2 b6 18. a4 Nc5 19. Rfb1 Nxb3 20. Rxb3 Kg7 21. Rba3
Ra5 22. Na2 Bd7 23. Nc1 Qe8 24. Bd1 Rf6 25. Qd2 g5 26. Qb4 Rh6 27. Nb3 Qh5 28.
Nxa5 Qxh2+ 29. Kf2 Bh3 30. Ke2 Bxg2 31. Ke1 Qg1+ 32. Kd2 Qd4+ 33. Kc1 Rh1 34.
Qd2 Bxf3 35. Qxd4 exd4 36. Rxf3 bxa5 37. Raa3 Ng6 38. Rab3 g4 39. Rf2 g3 40.
Rg2 Nh4 41. Rbxg3+ fxg3 42. Rxg3+ Ng6 43. Rb3 Kf6 44. Rb7 Ke5 45. Rxc7 Kxe4 46.
c5 Kxd5 47. c6 Ne5 48. Kd2 Rh2+ 49. Ke1 Rh1+ 50. Kd2 Nc4+ 51. Kc1 Ne3 52. Rc8
Rxd1+ 53. Kb2 d3 54. c7 d2 0-1

[Event "Madrid-chT 2021"]
[Site "Madrid"]
[Date "2021.05.09"]
[Round "10.6"]
[White "Rodrigo Yanguas, Maria"]
[Black "Ballesteros Galvez, Daniel"]
[Result "1/2-1/2"]
[WhiteElo "2060"]
[BlackElo "1917"]
[PlyCount "106"]
[EventDate "2021.01.24"]
[EventType "team-tourn"]
[EventRounds "14"]
[EventCountry "ESP"]
[SourceTitle "Ajedrez en Madrid"]
[Source "lmi"]
[SourceDate "2021.01.23"]
[SourceVersion "1"]
[SourceVersionDate "2021.06.08"]
[SourceQuality "1"]
[WhiteTeam "Virgen de Atocha"]
[BlackTeam "Vallecas CDV"]
[WhiteTeamCountry "ESP"]
[BlackTeamCountry "ESP"]

1. e4 e5 2. Nf3 Nc6 3. Bb5 a6 4. Ba4 Nf6 5. O-O Be7 6. Re1 b5 7. Bb3 d6 8. c3
O-O 9. h3 Nb8 10. d4 Nbd7 11. Nbd2 Bb7 12. Bc2 Re8 13. Nf1 Bf8 14. Ng3 g6 15.
a4 c5 16. d5 c4 17. Be3 h6 18. Qe2 Qc7 19. Ra3 Nc5 20. Rea1 Reb8 21. Nd2 Bg7
22. f3 Nfd7 23. Qf2 Nb6 24. axb5 axb5 25. b3 Rxa3 26. Rxa3 cxb3 27. Bxb3 Rc8
28. Ne2 Qd7 29. Bc2 Nba4 30. Nb3 Nxb3 31. Rxb3 Ba6 32. Qe1 Kh7 33. Nc1 Bf6 34.
Qd2 Bg5 35. Bxg5 hxg5 36. Na2 f6 37. Nb4 Qa7+ 38. Kh2 Rc7 39. Ra3 Bc8 40. Bxa4
bxa4 41. Nc6 Qc5 42. Rxa4 Bd7 43. Ra5 Qb6 44. Qa2 Bxc6 45. dxc6 Qxc6 46. Qe6
Kg7 47. Ra3 Rf7 48. c4 Rc7 49. Rd3 Qxc4 50. Qxd6 Qc1 51. Rd2 Qc6 52. Qd8 Rf7
53. Rd6 Qc7 1/2-1/2

[Event "Madrid-chT 2021"]
[Site "Madrid"]
[Date "2021.05.15"]
[Round "11.1"]
[White "Moreno Trujillo, Alejandro"]
[Black "Martinez Reyes, Pedro Ramon"]
[Result "1/2-1/2"]
[WhiteElo "2491"]
[BlackElo "2408"]
[PlyCount "118"]
[EventDate "2021.01.24"]
[EventType "team-tourn"]
[EventRounds "14"]
[EventCountry "ESP"]
[SourceTitle "Ajedrez en Madrid"]
[Source "lmi"]
[SourceDate "2021.01.23"]
[SourceVersion "1"]
[SourceVersionDate "2021.06.08"]
[SourceQuality "1"]
[WhiteTeam "Villalba 64"]
[BlackTeam "Blanco y Negro"]
[WhiteTeamCountry "ESP"]
[BlackTeamCountry "ESP"]

1. d4 d5 2. Bf4 Nf6 3. e3 c5 4. c3 Nc6 5. Nd2 cxd4 6. exd4 a6 7. Bd3 Bg4 8.
Ngf3 e6 9. O-O Bd6 10. Bxd6 Qxd6 11. Re1 O-O 12. a4 Rfe8 13. h3 Bh5 14. g4 Bg6
15. Bxg6 hxg6 16. Ne5 Nd7 17. Ndf3 Ndxe5 18. dxe5 Qc5 19. Qd3 d4 20. cxd4 Rad8
21. Rad1 Qb4 22. Qa3 Qxa3 23. bxa3 Rd5 24. Rb1 Re7 25. Rec1 Red7 26. Kg2 Nxd4
27. Rc8+ Rd8 28. Rxd8+ Rxd8 29. Nxd4 Rxd4 30. Rxb7 g5 31. Rb3 Rxa4 32. Re3 Kf8
33. Kg3 Ke7 34. h4 gxh4+ 35. Kxh4 Rf4 36. f3 f6 37. Kg3 Ra4 38. exf6+ Kxf6 39.
Kf2 Kg5 40. Rxe6 Rxa3 41. Kg3 g6 42. Rd6 a5 43. Ra6 a4 44. Ra5+ Kf6 45. Kf4 g5+
46. Ke4 Ra1 47. Ra6+ Kg7 48. Ra5 Kg6 49. Ra6+ Kg7 50. Kf5 Rf1 51. Ra7+ Kh6 52.
Ra6+ Kg7 53. Kxg5 Rxf3 54. Rxa4 Rf7 55. Ra6 Rb7 56. Kh5 Rb5+ 57. g5 Rb7 58. Rc6
Ra7 59. Rb6 Rc7 1/2-1/2

[Event "Madrid-chT 2021"]
[Site "Madrid"]
[Date "2021.05.15"]
[Round "11.2"]
[White "Montoliu Cervero, Francisco"]
[Black "Valles Moreno, Ivan"]
[Result "1-0"]
[WhiteElo "2409"]
[BlackElo "2411"]
[PlyCount "77"]
[EventDate "2021.01.24"]
[EventType "team-tourn"]
[EventRounds "14"]
[EventCountry "ESP"]
[SourceTitle "Ajedrez en Madrid"]
[Source "lmi"]
[SourceDate "2021.01.23"]
[SourceVersion "1"]
[SourceVersionDate "2021.06.08"]
[SourceQuality "1"]
[WhiteTeam "Blanco y Negro"]
[BlackTeam "Villalba 64"]
[WhiteTeamCountry "ESP"]
[BlackTeamCountry "ESP"]

1. e4 c5 2. Nf3 d6 3. d4 cxd4 4. Nxd4 Nf6 5. Nc3 a6 6. Be3 e5 7. Nb3 Be6 8. f3
Be7 9. Qd2 O-O 10. O-O-O a5 11. Qe1 Qc8 12. a4 Nc6 13. g4 Nb4 14. g5 Ne8 15.
Kb1 b5 16. Bxb5 Nc7 17. Bd3 Rb8 18. Nxa5 d5 19. exd5 Ncxd5 20. Bb5 Bf5 21. Rxd5
Nxc2 22. Qd2 Nxe3+ 23. Rd3 Bxd3+ 24. Qxd3 Bxg5 25. Nc6 Rb6 26. h4 Bf6 27. Qxe3
Rxc6 28. Bxc6 Qxc6 29. Qe4 Qe6 30. Rd1 g6 31. Rd5 h5 32. a5 Qa6 33. Rb5 Rd8 34.
Rb6 Qf1+ 35. Ka2 Rd4 36. Qe2 Qc1 37. Rxf6 Rd2 38. Qb5 Qxc3 39. Qe8+ 1-0

[Event "Madrid-chT 2021"]
[Site "Madrid"]
[Date "2021.05.15"]
[Round "11.4"]
[White "Renteria Becerra, Jorge Elicer"]
[Black "Garcia Luengo, Leandro"]
[Result "1/2-1/2"]
[WhiteElo "2237"]
[BlackElo "2304"]
[PlyCount "28"]
[EventDate "2021.01.24"]
[EventType "team-tourn"]
[EventRounds "14"]
[EventCountry "ESP"]
[SourceTitle "Ajedrez en Madrid"]
[Source "lmi"]
[SourceDate "2021.01.23"]
[SourceVersion "1"]
[SourceVersionDate "2021.06.08"]
[SourceQuality "1"]
[WhiteTeam "Blanco y Negro"]
[BlackTeam "Villalba 64"]
[WhiteTeamCountry "ESP"]
[BlackTeamCountry "ESP"]

1. e4 c5 2. Nf3 g6 3. d4 cxd4 4. Nxd4 Nc6 5. Nc3 Bg7 6. Be3 Nf6 7. Nxc6 dxc6 8.
Qxd8+ Kxd8 9. O-O-O+ Ke8 10. f3 Nd7 11. Be2 Nf8 12. Rd2 e5 13. Rhd1 Ne6 14. Kb1
Ke7 1/2-1/2

[Event "Madrid-chT 2021"]
[Site "Madrid"]
[Date "2021.05.15"]
[Round "11.5"]
[White "Yashas, Devappa"]
[Black "Hidalgo Duque, Carlos"]
[Result "0-1"]
[WhiteElo "2314"]
[BlackElo "2240"]
[PlyCount "110"]
[EventDate "2021.01.24"]
[EventType "team-tourn"]
[EventRounds "14"]
[EventCountry "ESP"]
[SourceTitle "Ajedrez en Madrid"]
[Source "lmi"]
[SourceDate "2021.01.23"]
[SourceVersion "1"]
[SourceVersionDate "2021.06.08"]
[SourceQuality "1"]
[WhiteTeam "Villalba 64"]
[BlackTeam "Blanco y Negro"]
[WhiteTeamCountry "ESP"]
[BlackTeamCountry "ESP"]

1. Nf3 d5 2. e3 Nf6 3. b3 e6 4. Bb2 Bd6 5. g3 Nbd7 6. Bg2 O-O 7. O-O a5 8. Nc3
c6 9. a4 e5 10. d3 Qc7 11. h3 Re8 12. e4 d4 13. Ne2 b5 14. Nh4 bxa4 15. bxa4 c5
16. f4 Ba6 17. Nf5 Bf8 18. Bc1 c4 19. g4 cxd3 20. cxd3 Nc5 21. g5 Nfd7 22. Rf3
Rab8 23. Bf1 Rb3 24. Ra3 Rb1 25. Qc2 Qb6 26. Ra2 Qb3 27. Qxb3 Rxb3 28. Bd2 Rxd3
29. Rxd3 Bxd3 30. fxe5 Bc4 31. Rc2 Bb3 32. Rb2 d3 33. Nf4 Bc2 34. Bxa5 Nxe5 35.
Ne3 Nxa4 36. Rb5 Bc5 37. Kf2 Bd4 38. Rd5 Bxe3+ 39. Kxe3 Nc4+ 40. Kd4 d2 41.
Kxc4 Rxe4+ 42. Kb5 d1=Q 43. Rxd1 Bxd1 44. Nd3 Re3 45. Nf2 Bc2 46. Ng4 Rb3+ 47.
Kc4 Nb6+ 48. Kd4 Nd7 49. Bc3 Rb1 50. Bg2 Rd1+ 51. Kc4 Bd3+ 52. Kb3 Rb1+ 53. Ka2
Rb6 54. Bd5 Rb5 55. Ne3 Nb6 0-1

[Event "Madrid-chT 2021"]
[Site "Madrid"]
[Date "2021.05.15"]
[Round "11.6"]
[White "Rottenwohrer Suarez, Juan"]
[Black "Sanchez Gonzalez, Sergio"]
[Result "1-0"]
[WhiteElo "2196"]
[BlackElo "2303"]
[PlyCount "59"]
[EventDate "2021.01.24"]
[EventType "team-tourn"]
[EventRounds "14"]
[EventCountry "ESP"]
[SourceTitle "Ajedrez en Madrid"]
[Source "lmi"]
[SourceDate "2021.01.23"]
[SourceVersion "1"]
[SourceVersionDate "2021.06.08"]
[SourceQuality "1"]
[WhiteTeam "Blanco y Negro"]
[BlackTeam "Villalba 64"]
[WhiteTeamCountry "ESP"]
[BlackTeamCountry "ESP"]

1. c4 Nf6 2. Nf3 e6 3. g3 d5 4. Bg2 c5 5. cxd5 exd5 6. d4 Nc6 7. O-O Be7 8. Nc3
O-O 9. Bg5 Be6 10. Rc1 c4 11. Ne5 h6 12. Bxf6 Bxf6 13. Nxc6 bxc6 14. Na4 Qe7
15. e3 Rab8 16. b3 Qa3 17. bxc4 dxc4 18. Bxc6 Qxa2 19. Ra1 Qb3 20. Nc5 Qb6 21.
Ra6 Qb2 22. Nxe6 fxe6 23. Qg4 Kh8 24. Qxe6 c3 25. Be4 Rb5 26. Rc6 Qe2 27. Rc8
Rb8 28. Qf5 Kg8 29. Qh7+ Kf7 30. Bd5+ 1-0

[Event "Madrid-chT 2021"]
[Site "Madrid"]
[Date "2021.05.16"]
[Round "11.1"]
[White "Plazuelo Pascual, Juan"]
[Black "Herrera, Irisberto"]
[Result "1/2-1/2"]
[WhiteElo "2465"]
[BlackElo "2419"]
[PlyCount "52"]
[EventDate "2021.01.24"]
[EventType "team-tourn"]
[EventRounds "14"]
[EventCountry "ESP"]
[SourceTitle "Ajedrez en Madrid"]
[Source "lmi"]
[SourceDate "2021.01.23"]
[SourceVersion "1"]
[SourceVersionDate "2021.06.08"]
[SourceQuality "1"]
[WhiteTeam "Virgen de Atocha"]
[BlackTeam "Capablanca"]
[WhiteTeamCountry "ESP"]
[BlackTeamCountry "ESP"]

1. d4 d5 2. c4 e6 3. Nc3 Nf6 4. cxd5 exd5 5. Bg5 Be7 6. e3 c6 7. Bd3 Nbd7 8. h3
Nf8 9. Bf4 Ne6 10. Be5 Bd6 11. Nf3 Bxe5 12. Nxe5 g6 13. Qc2 Nd7 14. Nf3 Ng5 15.
Nd2 Ne6 16. h4 Nf6 17. O-O-O Bd7 18. Nf3 Ng7 19. Ne5 Be6 20. Kb1 Qe7 21. Rc1
Nd7 22. Nxd7 Qxd7 23. Na4 Bf5 24. Nc5 Qc7 25. Ka1 Bxd3 26. Qxd3 O-O-O 1/2-1/2